Dignum est / (Registro nro. 30717)
[ vista simple ]
| 000 -CABECERA | |
|---|---|
| campo de control de longitud fija | 00976nam a22002537a 4500 |
| 008 - CÓDIGOS DE INFORMACIÓN DE LONGITUD FIJA | |
| fixed length control field | 240322t19691980ck gr 000 p spa d |
| 020 ## - NÚMERO INTERNACIONAL NORMALIZADO PARA LIBROS | |
| ISBN | 8475302122 |
| 037 ## - SOURCE OF ACQUISITION | |
| Materials specified | Donación |
| 040 ## - Fuente de catalogación | |
| Agencia original de catalogación | CO-JMCR |
| Agencia de transcripción | CO-JMCR |
| Agencia de modificación | CO-JMCR |
| Convenciones de descripción | rda |
| 041 ## - CÓDIGO DE LENGUA | |
| Código idioma | spa |
| 082 ## - NÚMERO DE LA CLASIFICACIÓN DECIMAL DEWEY | |
| Número de clasificación Decimal | A-P |
| Número de documento (Cutter) | ELId |
| 100 ## - PUNTO DE ACCESO PRINCIPAL-NOMBRE DE PERSONA | |
| Término de función/relación | autor |
| Nombre personal | Elitis, Odiseas |
| 9 (RLIN) | 43588 |
| 245 ## - TÍTULO PROPIAMENTE DICHO | |
| Título | Dignum est / |
| Mención de responsabilidad, etc. | Odiseas Elitis ; traducción de Cristian Carandell |
| 246 ## - VARYING FORM OF TITLE | |
| Title proper/short title | To axion esti |
| 264 ## - PRODUCCION, PUBLICACION, DISTRIBUCION, COPYRIGHT | |
| Lugar de producción, publicación, distribución, etc | Bogotá : |
| Nombre del editor, productor, distribuidor, etc | Ediciones Orbis, S.A. , |
| Fecha de producción, publicación, distribución, copyright | ©1980 |
| 300 ## - DESCRIPCIÓN FÍSICA | |
| Extensión | 154 páginas ; |
| Dimensiones | 20 cm. |
| 505 0# - NOTA DE CONTENIDO FORMATADO | |
| Nota de contenido formateada | El génesis -- La pasión -- La marcha hacia el frente -- Los muleros -- La gran salida -- El solar de las ortigas -- El patio de los corderos -- Profético -- El gloria |
| 586 ## - AWARDS NOTE | |
| Awards note | Premio Nobel de Literatura 1979 |
| 650 14 - TÉRMINO DE MATERIA | |
| 9 (RLIN) | 43589 |
| 650 24 - TÉRMINO DE MATERIA | |
| 9 (RLIN) | 12071 |
| 650 34 - TÉRMINO DE MATERIA | |
| 9 (RLIN) | 43590 |
| 700 ## - AUTOR SECUNDARIO - PERSONA | |
| Nombre de persona | Carandell, Cristián |
| 9 (RLIN) | 43591 |
| Withdrawn status | Lost status | Damaged status | Not for loan | Home library | Current library | Shelving location | Date acquired | Source of acquisition | Total Checkouts | Full call number | Barcode | Date last seen | Copy number | Price effective from | Koha item type |
|---|---|---|---|---|---|---|---|---|---|---|---|---|---|---|---|
| Biblioteca Pública José María del Castillo y Rada | Biblioteca Pública José María del Castillo y Rada | Fiction | 01/06/2023 | Donación | A-P ELId | 201812190 | 03/22/2024 | Ej.1 | 03/22/2024 | Books |